[Event "Let's Play Chess!"]
[Site "http://www.queenalice.com/game.php?id=803938"]
[Date "2010.7.16"]
[Round "-"]
[White "prenzier"]
[Black "thekingAlice"]
[Result "0-1"]
[WhiteElo "1060"]
[BlackElo "1600"]

1. e4 e5 2. Nc3 Nf6 3. d3 Bb4 4. Bd2 Nc6 5. Nf3 d5 6. a3 Bxc3 7. Bxc3 d4 8. Bd2
O-O 9. Bg5 Be6 10. Qd2 a6 11. c3 b5 12. cxd4 Nxd4 13. Nxd4 Qxd4 14. Be2 c5 15.
O-O Ne8 16. Be7 Nd6 17. Qg5 f6 18. Qh5 Rf7 19. Bxd6 Qxd6 20. f4 Qd4+ 21. Kh1 Re7
22. Rf3 Qxb2 23. Re1 Bf7 24. Qh4 Rd8 25. Rh3 h6 26. g4 exf4 27. Qf2 Qxa3 28.
Qxf4 Bc4 29. g5 fxg5 30. Qf5 Rf7 31. Qg6 Bxd3 32. Bg4 Rf4 33. Qe6+ Kh8 34. Bh5
Rf6 35. Qe7 Rdf8 36. e5 Be4+ 37. Kg1 Qxh3 38. exf6 Qg2# 0-1

[Event "Challenge"]
[Site "http://www.queenalice.com/game.php?id=803974"]
[Date "2010.7.16"]
[Round "-"]
[White "prenzier"]
[Black "Cristina2010"]
[Result "0-1"]
[WhiteElo "1091"]
[BlackElo "1100"]

1. e4 e5 2. Nc3 Bb4 3. Bc4 f6 4. Qh5+ g6 5. Qe2 h5 6. a3 Be7 7. Nf3 h4 8. h3 g5
9. d4 Nc6 10. d5 Na5 11. Bb5 c6 12. d6 Bxd6 13. Bd3 b6 14. g4 b5 15. Nxb5 cxb5
16. Bxb5 Nc6 17. Qd3 Qc7 18. Be3 a6 0-1

[Event "Challenge"]
[Site "http://www.queenalice.com/game.php?id=803976"]
[Date "2010.7.16"]
[Round "-"]
[White "prenzier"]
[Black "Nenita"]
[Result "1-0"]
[WhiteElo "1076"]
[BlackElo "1100"]

1. e4 e5 2. Nc3 Bc5 3. Nf3 Nc6 4. Bc4 Nf6 5. O-O d6 6. d3 Bg4 7. Qd2 Nh5 8. Ng5
Qd7 9. Bxf7+ Kd8 10. h3 Bxh3 11. gxh3 g6 12. Be6 Qe7 13. Nf7+ Ke8 14. Nxh8 Qxe6
15. Qh6 Qg8 16. Bg5 Qxh8 17. Nb5 Rc8 18. Rad1 Ne7 19. d4 exd4 20. Nxd4 d5 21.
exd5 Bxd4 22. Rfe1 Kd8 23. Rxe7 Bf6 24. d6 Bxe7 25. dxe7+ Ke8 26. Rd8+ Kf7 27.
Rxh8 Rxh8 28. Bh4 Ng7 29. Qf4+ Nf5 30. f3 a6 31. Qc4+ Ke8 32. Bf6 Rf8 33. Qxc7
Rxf6 34. Qd8+ Kf7 35. Qf8+ Ke6 36. e8=Q+ Ne7 37. Qexe7+ Kf5 38. Qfxf6# 1-0

[Event "Challenge"]
[Site "http://www.queenalice.com/game.php?id=806822"]
[Date "2010.7.22"]
[Round "-"]
[White "Pabl"]
[Black "prenzier"]
[Result "1-0"]
[WhiteElo "1217"]
[BlackElo "1091"]

1. e4 e5 2. Nf3 d6 3. d4 f6 4. dxe5 fxe5 5. Bb5+ Bd7 6. a4 a6 7. Bc4 Nf6 8. Ng5
Qe7 9. O-O Bg4 10. f3 Bh5 11. Nc3 h6 12. Nh3 Nc6 13. Bd5 Nd4 14. Bxb7 Rb8 15.
Bxa6 Qe6 16. Nb5 d5 17. Nxc7+ Kd7 18. Nxe6 1-0

[Event "matheus"]
[Site "http://www.queenalice.com/game.php?id=808174"]
[Date "2010.7.24"]
[Round "-"]
[White "prenzier"]
[Black "mat_ktx"]
[Result "1-0"]
[WhiteElo "1058"]
[BlackElo "1099"]

1. e4 Nf6 2. d3 g6 3. Nc3 Bg7 4. d4 O-O 5. e5 Nh5 6. Be3 Nc6 7. Nf3 b6 8. Bc4
Na5 9. Bd5 Bb7 10. O-O Bxd5 11. Nxd5 Nc4 12. Bg5 Nxb2 13. Qb1 Qb8 14. Qxb2 f6
15. exf6 Bxf6 16. Bh6 Rf7 17. Rae1 c6 18. Nb4 c5 19. Na6 Qd6 20. dxc5 bxc5 21.
Qb7 Rff8 22. Rd1 Bd4 23. Nxc5 Qxc5 24. Nxd4 Rfd8 25. Qb3+ Kh8 26. Ne6 1-0

[Event "Let's Play Chess!"]
[Site "http://www.queenalice.com/game.php?id=987578"]
[Date "2011.9.20"]
[Round "-"]
[White "prenzier"]
[Black "sivic79"]
[Result "0-1"]
[WhiteElo "1119"]
[BlackElo "1994"]

1. e4 e6 2. Nc3 Bb4 3. a3 Bxc3 4. bxc3 d5 5. d3 dxe4 6. a4 Nf6 7. f3 exf3 8.
Nxf3 O-O 9. d4 Nd5 10. Bg5 f6 11. Bh4 Ne3 12. Qd3 Nf5 13. O-O-O Nxh4 14. Nxh4 f5
15. Nf3 Nc6 16. h4 Qd6 17. g4 Qf4+ 18. Rd2 Qxg4 19. d5 exd5 20. Qxd5+ Kh8 21.
Bh3 Qxa4 22. Ng5 Qa1# 0-1

[Event "Let's Play Chess!"]
[Site "http://www.queenalice.com/game.php?id=987584"]
[Date "2011.9.20"]
[Round "-"]
[White "prenzier"]
[Black "carionic"]
[Result "1-0"]
[WhiteElo "1146"]
[BlackElo "1400"]

1. e4 d5 2. Nc3 d4 3. Nd5 Nf6 4. c4 Nxe4 5. Qf3 f5 6. d3 Nf6 7. Bg5 Nbd7 8. g3
Ne5 9. Nxf6+ gxf6 10. Qh5+ Nf7 11. Bd2 c5 12. b4 b5 13. cxb5 Qd5 14. Nf3 Bb7 15.
Bg2 Qe6+ 16. Kd1 Qb6 17. Qxf5 e5 18. bxc5 Qxb5 19. Qe6+ Be7 20. Rc1 Bc6 21. Nh4
Bxg2 22. Nxg2 Ng5 23. Bxg5 fxg5 24. f4 Qxd3+ 25. Ke1 Qe4+ 26. Kf2 d3 27. Rhd1
Qe2+ 28. Kg1 e4 29. c6 Qb2 30. c7 Qb6+ 31. Qxb6 axb6 32. c8=Q+ Rxc8 33. Rxc8+
Bd8 34. Re1 d2 35. Rd1 Kd7 36. Ra8 e3 37. Nxe3 Re8 38. Rxd2+ Ke6 39. f5+ Kf6 40.
a4 Kf7 41. Nc4 Re1+ 42. Kf2 Rb1 43. Raxd8 Kf6 44. Ne3 1-0

[Event "Challenge"]
[Site "http://www.queenalice.com/game.php?id=988791"]
[Date "2011.9.23"]
[Round "-"]
[White "prenzier"]
[Black "KROKUS"]
[Result "1-0"]
[WhiteElo "1117"]
[BlackElo "1446"]

1. e4 e5 2. Nf3 Nf6 3. Bc4 Nxe4 4. Qe2 d5 5. Nxe5 Be6 6. d3 dxc4 7. dxe4 Qd4 8.
c3 Qxe5 9. f4 Qd6 10. O-O Qb6+ 11. Be3 Bc5 12. Rf3 Bg4 13. Bxc5 Qxc5+ 14. Kf1
O-O 15. Nd2 b5 16. b4 Qd6 17. Qe3 Nc6 18. e5 Qd5 19. h3 Bxf3 20. Nxf3 h6 21. h4
Rfe8 22. Nd4 Nxd4 23. cxd4 f5 24. a4 a6 25. g4 g6 26. g5 Qh1+ 27. Qg1 Qxh4 28.
axb5 axb5 29. Rxa8 Rxa8 30. e6 Ra1+ 31. Kg2 Qg4+ 32. Kf2 Qxg1+ 33. Ke2 1-0

[Event "Challenge"]
[Site "http://www.queenalice.com/game.php?id=988850"]
[Date "2011.9.23"]
[Round "-"]
[White "prenzier"]
[Black "rafaelcanuto"]
[Result "0-1"]
[WhiteElo "1121"]
[BlackElo "1609"]

1. e4 e6 2. d3 Nc6 3. Nc3 Bb4 4. Bd2 Bxc3 5. Bxc3 d5 6. Qg4 Nge7 7. Qxg7 Rf8 8.
O-O-O dxe4 9. dxe4 Bd7 10. f4 h5 11. f5 exf5 12. Bd2 fxe4 13. Bc4 Nf5 14. Qh7 h4
15. g4 Nd6 16. Bd5 Bxg4 17. Rf1 Ne5 18. h3 Bf5 19. Ne2 Bxh7 20. Rf4 c6 21. Bb3
a5 22. Rhf1 a4 23. Be6 Qe7 24. Bg4 Nxg4 25. hxg4 a3 26. bxa3 Rxa3 27. Nd4 Rxa2
28. c4 Nxc4 29. Bc3 Qa3+ 30. Kd1 Ne3+ 31. Ke1 Qxc3# 0-1

[Event "Challenge"]
[Site "http://www.queenalice.com/game.php?id=988851"]
[Date "2011.9.23"]
[Round "-"]
[White "rafaelcanuto"]
[Black "prenzier"]
[Result "0-1"]
[WhiteElo "1648"]
[BlackElo "1091"]

1. e3 e5 2. Qf3 d5 3. c4 Nf6 4. d4 Nc6 5. cxd5 Bb4+ 6. Bd2 Bg4 7. Qg3 exd4 8.
dxc6 Bd6 9. f4 bxc6 10. exd4 Qe7+ 11. Be2 O-O 12. h3 Bxe2 13. Nxe2 Rfe8 14. Nc3
Bb4 15. a3 Bxc3 16. O-O-O Bxb2+ 17. Kxb2 Rab8+ 18. Bb4 Qxe2+ 19. Rd2 Rxb4+ 20.
axb4 Qxd2+ 21. Ka3 Re3+ 22. Qxe3 Qxe3+ 23. Ka4 Nd5 24. h4 Nb6+ 25. Ka5 Qa3# 0-1

[Event "Challenge"]
[Site "http://www.queenalice.com/game.php?id=990808"]
[Date "2011.9.27"]
[Round "-"]
[White "Ecki123"]
[Black "prenzier"]
[Result "1-0"]
[WhiteElo "1528"]
[BlackElo "1175"]

1. d4 d5 2. e3 Nc6 3. a3 e6 4. Bd3 e5 5. c3 e4 6. Bb5 Bd7 7. Bxc6 Bxc6 8. Nd2
Qe7 9. b4 O-O-O 10. c4 Nf6 11. b5 Bd7 12. Qa4 Ng4 13. Qxa7 c6 14. Nb3 Qf6 15. f3
cxb5 16. Na5 Bc6 17. cxd5 Bxd5 18. Bb2 1-0

[Event "Challenge"]
[Site "http://www.queenalice.com/game.php?id=992704"]
[Date "2011.10.2"]
[Round "-"]
[White "PRZ"]
[Black "prenzier"]
[Result "1-0"]
[WhiteElo "1380"]
[BlackElo "1173"]

1. f4 d5 2. e3 Nf6 3. d3 e6 4. a4 c5 5. Bd2 d4 6. c3 dxe3 7. Bxe3 Bd6 8. g3 Nd5
9. Bf2 Qa5 10. Qc2 e5 11. fxe5 Bxe5 12. Ra3 Bf5 13. Nf3 Bf6 14. d4 Bxc2 15. Bb5+
Nc6 16. Kd2 Be4 17. Re1 1-0

[Event "Challenge"]
[Site "http://www.queenalice.com/game.php?id=992705"]
[Date "2011.10.2"]
[Round "-"]
[White "prenzier"]
[Black "PRZ"]
[Result "0-1"]
[WhiteElo "1165"]
[BlackElo "1388"]

1. e4 c5 2. d3 e5 3. f4 Nc6 4. fxe5 Nxe5 5. Bf4 Qc7 6. c4 Nf6 7. Nc3 Bd6 8. Nd5
Nxd5 9. cxd5 b6 10. Qh5 g6 11. Qh6 Bf8 12. Qg5 Bg7 13. O-O-O f6 14. Qh4 Ba6 15.
Ne2 g5 0-1

[Event "Challenge"]
[Site "http://www.queenalice.com/game.php?id=993896"]
[Date "2011.10.6"]
[Round "-"]
[White "joaoborgesc77"]
[Black "prenzier"]
[Result "1-0"]
[WhiteElo "1500"]
[BlackElo "1117"]

1. e4 e5 2. d4 f6 3. Nf3 Nc6 4. d5 Nb4 5. a3 Na6 6. Nc3 c6 7. Be3 c5 8. Be2 Nh6
9. Qd2 d6 10. O-O-O Bd7 11. Nh4 Rb8 12. g4 b5 13. g5 b4 14. gxh6 bxa3 15. Bxa6
axb2+ 16. Kb1 Qa5 17. Na2 Qxa6 18. Nf5 gxh6 19. Bxh6 Bxh6 20. Qxh6 Bxf5 21. exf5
Rg8 22. Qxf6 Rg4 23. Rhg1 Ra4 24. Rg8+ Kd7 25. Qf7# 1-0

[Event "Challenge"]
[Site "http://www.queenalice.com/game.php?id=995891"]
[Date "2011.10.11"]
[Round "-"]
[White "prenzier"]
[Black "DIVAMOIS"]
[Result "0-1"]
[WhiteElo "1175"]
[BlackElo "1111"]

1. e4 d5 2. d3 e5 3. exd5 Qxd5 4. c4 Qc5 5. Qa4+ b5 6. cxb5 Qxc1+ 7. Ke2 Qxb2+
8. Nd2 Qxa1 9. b6+ Bd7 10. Qxa7 Qxa2 11. Qxa2 Rxa2 12. bxc7 Na6 13. h4 Nxc7 14.
g3 Bg4+ 15. f3 Be6 16. Bh3 Bd5 17. Bf5 Bb4 18. Nh3 Bxd2 19. Rb1 Bf4+ 20. Ke1
Bxg3+ 0-1

[Event "Challenge"]
[Site "http://www.queenalice.com/game.php?id=997501"]
[Date "2011.10.15"]
[Round "-"]
[White "general_tyrant"]
[Black "prenzier"]
[Result "1-0"]
[WhiteElo "1819"]
[BlackElo "1173"]

1. e4 e5 2. Nf3 d6 3. Nc3 Nf6 4. d4 Nc6 5. d5 Nb4 6. a3 Na6 7. Bg5 h6 8. Bh4 g5
9. Bxa6 gxh4 10. Bb5+ Bd7 11. Bxd7+ Qxd7 12. Nxh4 O-O-O 13. Qf3 Ng4 14. Nf5 1-0

[Event "Let's Play Chess!"]
[Site "http://www.queenalice.com/game.php?id=1488086"]
[Date "2017.7.30"]
[Round "-"]
[White "prenzier"]
[Black "pcescritor"]
[Result "0-1"]
[WhiteElo "1156"]
[BlackElo "1809"]

1. e4 Nf6 2. d3 d5 3. c4 e6 4. Bg5 Be7 5. Nc3 O-O 6. g3 Nc6 7. Qd2 d4 8. Nb5 a6
9. Na3 Bb4 10. Rd1 Bxd2+ 11. Rxd2 Nb8 12. Nf3 Nbd7 13. Nxd4 Ne5 14. Bg2 Ned7 15.
O-O c6 0-1

[Event "Let's Play Chess!"]
[Site "http://www.queenalice.com/game.php?id=1488087"]
[Date "2017.7.31"]
[Round "-"]
[White "prenzier"]
[Black "manuelito"]
[Result "0-1"]
[WhiteElo "1158"]
[BlackElo "1717"]

1. e4 e5 2. d3 d6 3. Nc3 Nc6 4. Be3 Nf6 5. Qd2 Be7 6. f4 exf4 7. Bxf4 O-O 8.
O-O-O Bg4 9. Be2 Bxe2 10. Qxe2 a6 11. Qe3 Re8 12. Nf3 Bf8 13. Rhe1 Ne7 14. Ng5
h6 15. Nf3 Ng4 16. Qd2 Nc6 17. h3 Nf6 0-1

[Event "Let's Play Chess!"]
[Site "http://www.queenalice.com/game.php?id=1488153"]
[Date "2017.7.31"]
[Round "-"]
[White "prenzier"]
[Black "igorjava"]
[Result "0-1"]
[WhiteElo "1154"]
[BlackElo "1510"]

1. e4 c5 2. Nc3 Nc6 3. d3 d6 4. Be3 Nf6 5. Nf3 e5 6. Qd2 a6 7. Be2 Be7 8. Nh4
Nd4 9. Bxd4 cxd4 10. Na4 O-O 11. O-O-O b5 12. Qb4 bxa4 13. Qxa4 a5 14. c3 dxc3
15. bxc3 Qb6 16. Nf3 Qxf2 17. Ng1 Bd7 18. Qc4 Rfb8 19. d4 Nxe4 0-1